000 00431nam a2200169Ia 4500
008 100525t1986 xxu||||| |||| 00| 0 sin d
041 _asin
080 _aX8S31
_bKAV
100 _aKavikumara, Premalal
245 _aවී කුරුල්ලෝ
246 _aVee Kurullo 27
260 _bColombo Book
_aColombo
_c1986
300 _a112p., 15 cm
942 _cBK
999 _c70532
_d70532
003 LK-CoDNM
040 _aLK-CoDNM
_dLK-CoDNM
_eLK-CoDNM